000 00424nam a22001577a 4500
005 20251108165845.0
008 250721s9999 xx 000 0 ara d
082 1 4 _aط/641/طعا
245 1 0 _aالطعام حياة و قوة /
264 1 _aبيروت :
_bدار شهرزاد،
_c[19-].
300 _a24ص؛مص
490 0 _aعلوم و معارف؛5
650 1 7 _aالأغذيه
942 _2ddc
_cBK
999 _c33102
_d33102